|
|
|
|
| LEADER |
00000nam0a2200000 4500 |
| 001 |
114837 |
| 005 |
20231031122357.0 |
| 035 |
|
|
|a (RuTPU)RU\TPU\book\124192
|
| 090 |
|
|
|a 114837
|
| 100 |
|
|
|a 20070426d1964 k y0rusy50 ca
|
| 101 |
0 |
|
|a rus
|
| 102 |
|
|
|a UA
|
| 105 |
|
|
|a a z 001zy
|
| 200 |
1 |
|
|a История механики машин
|f А. Н. Боголюбов
|
| 210 |
|
|
|a Киев
|c Наукова думка
|d 1964
|
| 215 |
|
|
|a 463 с.
|c ил.
|
| 320 |
|
|
|a Библиогр.: с. 439-452.
|
| 610 |
1 |
|
|a машины
|
| 610 |
1 |
|
|a механизмы
|
| 610 |
1 |
|
|a теория
|
| 610 |
1 |
|
|a история
|
| 610 |
1 |
|
|a прикладная механика
|
| 610 |
1 |
|
|a русская школа
|
| 610 |
1 |
|
|a 19 век
|
| 610 |
1 |
|
|a 20 век
|
| 610 |
1 |
|
|a исследования
|
| 675 |
|
|
|a 621(09)
|v 3
|
| 700 |
|
1 |
|a Боголюбов
|b А. Н.
|g Алексей Николаевич
|
| 801 |
|
1 |
|a RU
|b 63413507
|c 20070426
|g PSBO
|
| 801 |
|
2 |
|a RU
|b 63413507
|c 20071127
|g PSBO
|
| 942 |
|
|
|c BK
|